000 01133nam a2200301Ia 4500
008 130821s2012 pe a gr spa
020 _a9786124110085
040 _aCo-BoUCM
_bspa
041 0 0 _aspa
245 0 0 _aDel consumidor convencional al consumidor digital el caso de las tiendas por departamento
_cGenaro Matute [y otros autores].
260 _aLima (Perú)
_bUniversidad ESAN
_c2012
300 _a156 páginas
_bilustraciones, gráficas
490 0 _aGerencia global
_v22
504 _aIncluye referencias bibliográficas e índice.
650 0 4 _aAdministración de empresas
_9435
650 0 4 _aAlmacenes
_98858
650 0 4 _aComercio electrónico
_911200
650 0 4 _aComercio minorista
_911212
650 0 4 _aComercio
_911192
650 0 4 _aComportamiento del consumidor
_911290
650 0 4 _aDesarrollo económico
_9438
700 1 _aCuervo, Sergio
_9142867
700 1 _aSalazar, Sandra
_9159456
700 1 _aSantos, Blanca
_9159457
710 2 _aEscuela de Administración de Negocios para Graduados. ESAN
_9114153
942 _cLIBRO
_a16
_e1
_mC758c
_2DEWEY
_h658.84
999 _c37629
_d37629